000 00767na a2200253 4500
001 17413
003 MIRAKIL
005 20181213155138.0
008 161024b tu 000 0
020 _a9758458825
035 _a17413
040 _aMilas
_btur
_cTR-AnCHP
041 _atur
082 _a338.1
_bD77 2005
090 _a338.1 D77 2005
245 _aDTÖ ve AB'deki gelişmeler ışığında 21. yüzyılda Türkiye tarımı
_cTürk Sanayicileri ve İşadamları Derneği (TÜSİAD)
260 _aİstanbul
_bTÜSİAD
_c2005
300 _a175 s.
_btbl.; grf.
_c30 sm.
490 _aTÜSİAD-T
_v2005-06/397
650 _aTarım
_xAB politikaları
_yToplantılar
651 _aTürkiye
_xTarım
_yToplantılar
740 _aTÜSİAD
942 _2dcc
_cBKS
999 _c7431
_d7431